Digital Library Basics : A Practical Manual (Record no. 60916)
[ view plain ]
| 000 -LEADER | |
|---|---|
| fixed length control field | 00484nam a2200169Ia 4500 |
| 008 - FIXED-LENGTH DATA ELEMENTS--GENERAL INFORMATION | |
| fixed length control field | 221007s9999 xx 000 0 und d |
| 020 ## - INTERNATIONAL STANDARD BOOK NUMBER | |
| International Standard Book Number | 11168 |
| 041 ## - LANGUAGE CODE | |
| Language code of text/sound track or separate title | eng |
| 082 ## - DEWEY DECIMAL CLASSIFICATION NUMBER | |
| Item number | RAJ/NAI |
| 100 ## - MAIN ENTRY--PERSONAL NAME | |
| Personal name | Rajasekaran K; Nair R R & Nafala K M |
| 9 (RLIN) | 96510 |
| 245 ## - TITLE STATEMENT | |
| Title | Digital Library Basics : A Practical Manual |
| 260 ## - PUBLICATION, DISTRIBUTION, ETC. (IMPRINT) | |
| Date of publication, distribution, etc. | 2011 |
| Name of publisher, distributor, etc. | Ess Ess Pub |
| Place of publication, distribution, etc. | New Delhi |
| 500 ## - GENERAL NOTE | |
| Keywords | Digital Library;Library and information science |
| 650 ## - SUBJECT ADDED ENTRY--TOPICAL TERM | |
| Topical term or geographic name as entry element | General |
| 700 ## - ADDED ENTRY--PERSONAL NAME | |
| Personal name | Nair R.R. |
| 9 (RLIN) | 96511 |
| 906 ## - LOCAL DATA ELEMENT F, LDF (RLIN) | |
| b | General |
| Withdrawn status | Lost status | Damaged status | Not for loan | Home library | Current library | Date acquired | Vendor | Total Checkouts | Full call number | Barcode | Date last seen | Bill Date | Koha item type | Original Barcode |
|---|---|---|---|---|---|---|---|---|---|---|---|---|---|---|
| Smt. Hiraben Nanavati Institute of Management & Research for Women | Smt. Hiraben Nanavati Institute of Management & Research for Women | 05/03/2012 | Satya Gilani | RAJ/NAI | HIMR-AV-1412 | 07/10/2022 | 05/03/2012 | Video Casset | AV1412 |